000 00535nas a2200181 a 4500
001 58607
003 130264
005 20201118103429.0
008 ||||||n9999 ||| || ||
041 _afre
245 0 _aRevue Francaise d'Administration Publique - No.85
260 _aFrancia :
_bInstitut International d'Administration Publique,
_c1998.
562 _e1
650 _aBOGOTÁ (COLOMBIA)--ADMINISTRACIÓN PÚBLICA
650 _aSUDAFRICA
773 _033484
_aRevue Francaise d'Administration Publique
942 _cSISS
999 _c58607
_d58607